| 000 | 00739nam a2200205Ia 4500 | ||
|---|---|---|---|
| 003 | OSt | ||
| 005 | 20240611150413.0 | ||
| 008 | 210210b2008 xxu||||| |||| 00| 0 eng d | ||
| 040 | _cAL | ||
| 041 | _aKannada | ||
| 082 | _aK894.9 RAGA | ||
| 100 |
_aRAGHAVENDRARAV (H S) _dರಾಘವೇಂದ್ರ ರಾವ್ (ಹೆಚ್ ಎಸ್) Ed _9170109 |
||
| 245 |
_aAvagaha: Kusumakara Devaragennuru avalokana adhyayana _bಅವಗಾಹ: ಕುಸುಮಾಕರ ದೇವರಗೆಣ್ಣೂರು ಅವಲೋಕನ ಅಧ್ಯಯನ |
||
| 260 |
_aBengaluru _bSahitya Bhandara _c2008 |
||
| 300 | _axii,403 | ||
| 650 |
_aVasanta Ananta Divanji _9170110 |
||
| 690 |
_aKannada Criticism _9170111 |
||
| 906 | _a063940 | ||
| 942 |
_2ddc _cBK |
||
| 999 |
_c139251 _d139251 |
||